• 首页
  • 本馆介绍
  • 公告通知
  • 最新文献
  • 馆藏检索
  • 电子资源
  • 读者导购
  • 参考咨询
  • 我的图书馆
  • 登录
  • 详细信息显示
  • 放入我的书架
  • 预约/预借图书
  • 作者相关作品
  • 分类相关作品
  • 丛书相关作品
  • 出版社相关作品

书目信息

  • 表格格式
  • 工作单格式
  • 卡片格式
题名:
高效率配送中心的设计与经营
    
 
作者: 孙宏岭 编著
分册:  
出版信息: 北京   中国物资出版社  2002
页数: 226
开本: 18cm
丛书名: 21世纪现代物流实用丛书
单 册:
中图分类: F715.6
科图分类:
主题词: 商业经济--国内
电子资源:
ISBN: 7-5047-1742-8
000 00654nam0 2200205 450
001 0760515518
005 20070817164835.51
010    @a7-5047-1742-8@d¥16.00
100    @a20070817d km y0chiy0120 ea
101 0  @achi
200 1  @a高效率配送中心的设计与经营@Agao xiao lu pei song zhong xin de she ji yu jing ying@f孙宏岭编著@Fsun hong ling bian zhu
210    @a北京@c中国物资出版社@d2002
215    @a226@d18cm
225 2  @a21世纪现代物流实用丛书
410  0 @12001 @a21世纪现代物流实用丛书
606 0  @a商业经济@x国内
690    @aF715.6@v3
701  0 @a孙宏岭@Asun hong ling@4编著
801  0 @aCN@bPFT@c20070817
905    @a213230@dF715.6@eg168@f1
    
    高效率配送中心的设计与经营/孙宏岭编著.-北京:中国物资出版社,2002
    226;18cm.-(21世纪现代物流实用丛书)
    
    
    ISBN 7-5047-1742-8:¥16.00
    
●
相关链接 在E读中查询图书 在五车中查询图书 在当当中查询图书 在豆瓣中查询图书


正题名:高效率配送中心的设计与经营     索取号:F715.6/g168         预约/预借

序号 登录号 条形码 馆藏地/架位号 状态 备注
1 6503257   265032573   经管系资料室/ [索取号:F715.6/g168] 在馆    
2 6503258   265032582   密集书库-海洋学院/ [索取号:F715.6/g168] 在馆    
唐山师范学院图书馆 欢迎您!
大连网信软件有限公司© 版权所有